<?xml version="1.0" encoding="UTF-8"?>
<record
    xmlns:xsi="http://www.w3.org/2001/XMLSchema-instance"
    xsi:schemaLocation="http://www.loc.gov/MARC21/slim http://www.loc.gov/standards/marcxml/schema/MARC21slim.xsd"
    xmlns="http://www.loc.gov/MARC21/slim">

  <leader>03769nab a2200337 i 4500</leader>
  <controlfield tag="003">BR-BrBNA</controlfield>
  <controlfield tag="005">20251210105328.0</controlfield>
  <controlfield tag="008">251210b2020    bl.|r|pooa||| 00| 0 eng |</controlfield>
  <datafield tag="040" ind1=" " ind2=" ">
    <subfield code="a">BR-BrBNA</subfield>
    <subfield code="b">eng</subfield>
  </datafield>
  <datafield tag="072" ind1=" " ind2=" ">
    <subfield code="a">J11</subfield>
    <subfield code="b">1122</subfield>
  </datafield>
  <datafield tag="100" ind1=" " ind2=" ">
    <subfield code="a">Murakami, Kiyotaka </subfield>
  </datafield>
  <datafield tag="100" ind1=" " ind2=" ">
    <subfield code="a">Cruz, Andre Freire </subfield>
  </datafield>
  <datafield tag="100" ind1=" " ind2=" ">
    <subfield code="a">Pires, Marcio de Carvalho </subfield>
  </datafield>
  <datafield tag="100" ind1=" " ind2=" ">
    <subfield code="a">Icuma, Ivone Midori </subfield>
  </datafield>
  <datafield tag="100" ind1=" " ind2=" ">
    <subfield code="a">Yamanishi, Osvaldo Kiyoshi </subfield>
  </datafield>
  <datafield tag="245" ind1=" " ind2=" ">
    <subfield code="a">Effect of the environment and use of alternative products in the post-harvest of papaya</subfield>
  </datafield>
  <datafield tag="500" ind1=" " ind2=" ">
    <subfield code="a">
Publica&#xE7;&#xE3;o online; 23 ref.; 9 tables; Summaries (En, Pt)</subfield>
  </datafield>
  <datafield tag="520" ind1=" " ind2=" ">
    <subfield code="a">


Abstract &#x2013;      This study aimed to establish an alternative treatment for post-harvest storage of Papaya (Carica papaya L.), var &#x201C;Tainung 1&#x201D; and to control major diseases at this stage. Two storage place were evaluated (room temperature and cold room); Six treatments (Control, Samurai 40ml/20l water, Serenade&#xAE; 40ml/20l water, Sanatizer EUPROOFF&#xAE; 10ml/20l water, EUPROOFF&#xAE; + Serenade&#xAE; + Samurai, Serenade&#xAE; + Samurai), five storage periods (0, 3, 6, 9 and 12 days) and three seasons (December, January and February). Fruit weight loss (FWL), color index, number and size of lesions were evaluated and used to calculate the disease incidence and average of disease incidence. The FWL and index color of fruits were more affected by monthly variation than the treatments, especially the Samurai one. The growth of disease incidence were slower under cold room. Among the treatments, the Samurai was the most efficient, but if mixed to others products their efficiency was not observed. These results suggest that the using of Samurai only in cold room conditions can be more effective in control of post-harvest diseases of papaya.



Index terms:     Fruit disease, Biocontrol, Cold room, Fungicide, Organic pesticide</subfield>
  </datafield>
  <datafield tag="520" ind1=" " ind2=" ">
    <subfield code="a">


Resumo &#x2013;      Este trabalho visou a desenvolver um m&#xE9;todo alternativo para o armazenamento p&#xF3;scolheita de mam&#xE3;o (Carica papaya L.), var. &#x201C;Tainung 1&#x201D;, e a controlar as principais doen&#xE7;as nesta fase. Foram avaliadas duas condi&#xE7;&#xF5;es de armazenamento (temperatura ambiente e c&#xE2;mara fria);  seis tratamentos (Controle, Samurai 40 mL/20l de &#xE1;gua, Serenade&#xAE; 40mL/20l de &#xE1;gua, Fungicida EUPROOFF&#xAE; 10mL/20l de &#xE1;gua, EUPROOFF&#xAE; + Serenade&#xAE; + Samurai, Serenade&#xAE; + Samurai); cinco per&#xED;odos de armazenamento (0;3; 6; 9 e 12 dias), e tr&#xEA;s meses (dezembro, janeiro e fevereiro). A perda de massa dos frutos (PMF), a cor, o n&#xFA;mero e o tamanho das les&#xF5;es foram avaliados e utilizados para calcular a incid&#xEA;ncia da doen&#xE7;a bem como a m&#xE9;dia desta incid&#xEA;ncia. A PMF e a cor dos frutos foram mais afetadas pela varia&#xE7;&#xE3;o mensal do que os tratamentos, principalmente o Samurai. O crescimento da incid&#xEA;ncia da doen&#xE7;a foi mais lento em c&#xE2;mara fria. Entre os tratamentos, o Samurai foi o mais eficaz de todos; mas, se misturado a outros produtos, sua efici&#xEA;ncia n&#xE3;o foi observada. Esses resultados sugerem que o uso do Samurai somente em condi&#xE7;&#xF5;es de c&#xE2;mara fria pode ser mais eficaz no controle de doen&#xE7;as p&#xF3;s-colheita do mam&#xE3;o.



Termos para indexa&#xE7;&#xE3;o:      Doen&#xE7;as em Frutas, Controle Biol&#xF3;gico, C&#xE2;mara fria, Fungicida, Pesticida Org&#xE2;nico.</subfield>
  </datafield>
  <datafield tag="650" ind1=" " ind2=" ">
    <subfield code="a">MAM&#xC3;O</subfield>
  </datafield>
  <datafield tag="650" ind1=" " ind2=" ">
    <subfield code="a">P&#xD3;S-COLHEITA</subfield>
  </datafield>
  <datafield tag="650" ind1=" " ind2=" ">
    <subfield code="a">ARMAZENAMENTO</subfield>
  </datafield>
  <datafield tag="650" ind1=" " ind2=" ">
    <subfield code="a">DOEN&#xC7;A</subfield>
  </datafield>
  <datafield tag="650" ind1=" " ind2=" ">
    <subfield code="a">PERDA</subfield>
  </datafield>
  <datafield tag="650" ind1=" " ind2=" ">
    <subfield code="a">CONTROLE ALTERNATIVO</subfield>
  </datafield>
  <datafield tag="650" ind1=" " ind2=" ">
    <subfield code="a">FUNGICIDA</subfield>
  </datafield>
  <datafield tag="773" ind1="0" ind2=" ">
    <subfield code="0">805</subfield>
    <subfield code="9">317046</subfield>
    <subfield code="d">Jaboticabal-SP Sociedade Brasileira de Fruticultura 1978</subfield>
    <subfield code="o">2024-3608</subfield>
    <subfield code="t">Revista Brasileira de Fruticultura (Brazil)</subfield>
    <subfield code="x">0100-2945</subfield>
    <subfield code="g">v. 42(3) p. 1-9; (2020)</subfield>
    <subfield code="w">BR2025005189</subfield>
  </datafield>
  <datafield tag="856" ind1=" " ind2=" ">
    <subfield code="u">https://www.scielo.br/j/rbf/a/DpkFKNWY6ZtXJMTVR9yxGYs/?format=pdf&amp;lang=en</subfield>
  </datafield>
  <datafield tag="942" ind1=" " ind2=" ">
    <subfield code="c">ANA</subfield>
  </datafield>
  <datafield tag="999" ind1=" " ind2=" ">
    <subfield code="c">339402</subfield>
    <subfield code="d">339402</subfield>
  </datafield>
</record>
